01019nam a2200277 i 450000100060000000300090000600500170001500700030003200800410003508000130007610000290008924501200011826000400023830000260027849000280030450400320033261000300036465000310039470000260042570000260045171000400047783000360051785200500055399900170060395201210062017734ES-MaACL20250819055513.0t|010511s1965 fr ||||1| fre d a329(460)1 aPayne, Stanley G.98972910aPhalange b: histoire du fascisme espagnol / cStanley G. Payne ; traduit de l'anglais par Monique et André Joly. aParis : bRuedo Ibérico, c[1965] aXV, 256 p. ; c24 cm.1 aL'Espagne contemporaine aBibliografía: p. 245-251.24aFalange Española.94083 4aFascismo-zEspaña9127291 aJoly, Monique.9668131 aJoly, André.9668072 aÉditions Ruedo ibérico.91453331 aL'Espagne contemporaine9228739 aES-MaACLjAND-20 z- Biblioteca Juan Andrade. c17734d17734 00104070aATENEOMbATENEOMcDEPO2d2008-01-17eSCl0oAND-20p1018100r2023-02-23 00:00:00w2023-02-23yMONOGRAFIA